000
00302 a2200133 4500
999
_c
12948
_d
12948
008
240627b ||||| |||| 00| 0 eng d
020
_a
9798892777254
082
_a
720
100
_a
Sahil Tanveer
245
_a
Delirious Architecture
260
_b
Notion Press
300
_a
304pages
942
_2
ddc